000 00736nam a2200193Ia 4500
003 GCL
008 140319s9999 xx 000 0 ara d
040 _aGCL /
_cGCL
082 0 4 _a956.9
_bم ف
100 1 _aمحمد حسنين هيكل
245 1 0 _aفلسطين \ إسرائيل سلام أم نظام عنصري؟ /
_cمحمد حسنين هيكل
700 1 _aمروان بشارة
260 _aالقاهرة :
_bمركز القاهرة لدراسات حقوق الانسان ،
_c2001
300 _a165 ص ؛
_c22 سم
650 0 4 _aاسرائيل
650 0 4 _aالانتفاضة الفلسطينية
650 0 4 _aفلسطين - تاريخ - العصر الحديث - الاحتلال الصهيونى
942 _2ddc
_cBK
999 _c2041
_d2041